MARC

LEADER 00000nam0a2200000 4500
001 368479
005 20231102012104.0
035 |a (RuTPU)RU\TPU\retro\25861 
090 |a 368479 
100 |a 20220412d1979 km y0rusy50 ca 
101 0 |a rus 
102 |a LV 
105 |a a z 001zy 
200 1 |a Интегральные модели в современной теории управления  |f М. С. Брикман  |g Рижский политехнический институт 
210 |a Рига  |c Зинатне  |d 1979 
215 |a 224 с.  |c ил. 
320 |a Библиогр.: с. 212-219 
320 |a Предм. указ.: с. 220-222 
606 1 |a Системы автоматического управления  |x Теория  |2 stltpush  |3 (RuTPU)RU\TPU\subj\68253  |9 83687 
610 1 |a интегральные модели 
610 1 |a нестационарные системы 
610 1 |a анализ 
610 1 |a синтез 
610 1 |a системы с заместителями 
610 1 |a случайные воздействия 
610 1 |a структурные схемы 
610 1 |a преобразования 
610 1 |a устойчивость 
610 1 |a управляющие сигналы 
675 |a 681.51.01  |v 4 
700 1 |a Брикман  |b М. С.  |g Михаил Семенович 
712 0 2 |a Рижский политехнический институт  |2 stltpush  |3 (RuTPU)RU\TPU\col\7561  |9 24345 
801 1 |a RU  |b 63413507  |c 20220412 
942 |c BK